01977nam a2200373 u 450000500170000000800410001702000280005802000280008604000270011404100080014104400070014908200240015624502660018026001020044630001030054849000760065150400420072750500470076950500740081650500500089050500480094050500610098850501060104954600470115565000660120265000440126865000400131265000370135265000300138970000390141970000290145870000340148771000820152120200104041746.0160520s2015 ck ado||r|||| 00| 0 spa d a9789588889719 (impresa) a9789588889764 (digital) aCO-BoIAVH cCO-BoIAVH 0 aspa ack04a333.910408619bA64c00aAplicación de criterios bioecológicos para la identificación, caracterización y establecimiento de límites funcionales en humedales de las sabanas inundables de la Orinoquia / ceditado por Catalina Osorio-Peláez, Carlos A. Lasso y Fernando Trujillo aBogotá : bInstituto de Investigación de Recursos Biológicos Alexander von Humboldt,c2015. a426 páginas :bilustraciones a color, tablas, gráficas y fotografías a color ; c24 x 17 cm.0 aSerie editorial de recursos hidrobiológicos y pesqueros continentales aIncluye referencias bibliográficas.0 a1. Las sabanas inundables de la Orinoquia,0 a2. Enfoque metodológico: aplicación de criterios bioecológicos.0 a3. Identificación de los humedales: paso 1.0 a4. Tipificación de los humedales: paso 2.0 a5. Caracterización bioecológica de la biota: paso 3.0 a6. Integración de criterios bioecológicos para el establecimiento de limites funcionales: paso 4. aResumen ejecutivo en español e inglés.14aHumedalesxsabanas inundableszOrinoquia (Región, Colombia)24aHumedalesxfuncionalidad bioecológica24aHumedalesxdelimitación funcional26aBiotaxhumedalesxdistribución26aHidrobiologíazColombia1 aOsorio-Peláez, Catalinaeeditora1 aLasso, Carlos A.eeditor1 aTrujillo, Fernando, eeditor.2 aInstituto de Investigación de Recursos Biológicos Alexander von Humboldt.